The Silmarillion: Son’s of Feanor - Statistics

General Stats
  • This quiz has been taken 47 times
  • The average score is 6 of 7
Answer Stats
Picture Answer % Correct
Maedhros
100%
Curufin
97%
Amrod
92%
Maglor
92%
Amras
89%
Caranthir
86%
Celegorm
84%
No matching quizzes found
Score Distribution
Percent of People with Each Score
Percentile by Number Answered
Your Score History
You have not taken this quiz